Personnel management: the managing of human resource (2nd ed.) (Record no. 81832)
[ view plain ]
| 000 -LEADER | |
|---|---|
| fixed length control field | 00915nam a2200205 a 4500 |
| 008 - FIXED-LENGTH DATA ELEMENTS--GENERAL INFORMATION | |
| fixed length control field | 120416s1987 ||||||||||||||||| || u |
| 020 ## - INTERNATIONAL STANDARD BOOK NUMBER | |
| International Standard Book Number | 0697006905 |
| 050 ## - LIBRARY OF CONGRESS CALL NUMBER | |
| Classification number | HF 5549 Che |
| 100 ## - MAIN ENTRY--PERSONAL NAME | |
| Personal name | Cherrington, David J |
| 245 10 - TITLE STATEMENT | |
| Title | Personnel management: the managing of human resource (2nd ed.) |
| 250 ## - EDITION STATEMENT | |
| Edition statement | 2nd ed. |
| 260 ## - PUBLICATION, DISTRIBUTION, ETC. | |
| Place of publication, distribution, etc. | Dubuque: |
| Name of publisher, distributor, etc. | W.C. Brown |
| Date of publication, distribution, etc. | 1987 |
| 300 ## - PHYSICAL DESCRIPTION | |
| Extent | xx, 636p.: ill. |
| 350 ## - | |
| -- | 0.00 |
| 500 ## - GENERAL NOTE | |
| General note | Includes bibliographies and indexes. |
| 650 #0 - SUBJECT ADDED ENTRY--TOPICAL TERM | |
| Topical term or geographic name entry element | PERSONNEL MANAGEMENT |
| 995 ## - | |
| -- | SHORT LOAN BOOKS |
| -- | 0.00 |
| -- | 711665 |
| -- | CBU-MAIN LIBRARY (Kitwe) |
| -- | 3 |
| -- | 341.10 |
| -- | HF 5549 Che |
| -- | 3 |
| -- | AVAILABLE |
| -- | 017956 |
| -- | Short Loan Collection |
| 995 ## - | |
| -- | SHORT LOAN BOOKS |
| -- | 0.00 |
| -- | 711664 |
| -- | CBU-MAIN LIBRARY (Kitwe) |
| -- | 1 |
| -- | 341.10 |
| -- | HF 5549 Che |
| -- | 1 |
| -- | AVAILABLE |
| -- | 017957 |
| -- | Short Loan Collection |
| 995 ## - | |
| -- | SHORT LOAN BOOKS |
| -- | 0.00 |
| -- | 711666 |
| -- | CBU-MAIN LIBRARY (Kitwe) |
| -- | 2 |
| -- | 341.10 |
| -- | HF 5549 Che |
| -- | 2 |
| -- | AVAILABLE |
| -- | 017955 |
| -- | Short Loan Collection |
| 999 ## - | |
| -- | 81832 |
| -- | 81832 |
| Withdrawn status | Lost status | Source of classification or shelving scheme | Damaged status | Not for loan | Permanent Location | Current Location | Shelving location | Date acquired | Total Checkouts | Full call number | Barcode | Date last seen | Copy number | Price effective from | Koha item type |
|---|---|---|---|---|---|---|---|---|---|---|---|---|---|---|---|
| CBU-MAIN LIBRARY, KITWE. | CBU-MAIN LIBRARY, KITWE. | 09/12/2023 | HF 5549 Che | 017956 | 09/12/2023 | 1 | 09/12/2023 | SHORT LOAN COLLECTION | |||||||
| CBU-MAIN LIBRARY, KITWE. | CBU-MAIN LIBRARY, KITWE. | 09/12/2023 | HF 5549 Che | 017957 | 09/12/2023 | 2 | 09/12/2023 | SHORT LOAN COLLECTION | |||||||
| CBU-MAIN LIBRARY, KITWE. | CBU-MAIN LIBRARY, KITWE. | 09/12/2023 | HF 5549 Che | 017955 | 09/12/2023 | 3 | 09/12/2023 | SHORT LOAN COLLECTION |